000 00295nam a22001337a 4500
008 181012b xxu||||| |||| 00| 0 eng d
020 _a9781464111709
041 _aeng
080 _a159.9
100 _a49
101 _aPSI
245 _aSensation and Perception
_cYantis, S
942 _2udc
_cBK
999 _c49555
_d49555